000 01575nam a2200361 a 4500
001 ebr10575657
003 CaPaEBR
006 m u
007 cr cn|||||||||
008 780505s1978 ne a sb 101 0 eng d
010 _z 78018687
020 _z0444900322
020 _z9780470663486
020 _z9780470718087 (e-book)
040 _aCaPaEBR
_cCaPaEBR
035 _a(OCoLC)608920502
050 1 4 _aQP383.2
_b.S95 1977eb
082 0 4 _a599/.01/88
111 2 _aSymposium on Functions of the Septo-Hippocampal System
_d(1977 :
_cLondon, England)
245 1 0 _aFunctions of the septo-hippocampal system
_h[electronic resource].
260 _aAmsterdam ;
_aNew York :
_bElsevier/Excerpta Medica/North-Holland,
_c1978.
300 _aviii, 438 p. :
_bill.
490 1 _aCiba Foundation symposium (new series) ;
_v58
500 _a"Symposium on Functions of the Septo-Hippocampal System, held at the Ciba Foundation, London, 18th-20th October 1977"--Participants page.
504 _aIncludes bibliographical references and indexes.
533 _aElectronic reproduction.
_bPalo Alto, Calif. :
_cebrary,
_d2011.
_nAvailable via World Wide Web.
_nAccess may be limited to ebrary affiliated libraries.
650 0 _aSeptum (Brain)
_vCongresses.
650 0 _aHippocampus (Brain)
_vCongresses.
655 7 _aElectronic books.
_2local
710 2 _aebrary, Inc.
830 0 _aCiba Foundation symposium ;
_vnew ser. 58.
856 4 0 _uhttp://site.ebrary.com/lib/rucke/Doc?id=10575657
_zAn electronic book accessible through the World Wide Web; click to view
999 _c181773
_d181773